000 00810nam a2200193 a 4500
008 120619s1993 ||||||||||||||||| || u
020 _a9241544570
050 _aRA 644.P9 Reh (BOX 220)
100 _aKrol, J
245 1 0 _aRehabilitation surgery for deformities due to poliomyelitis: techniques for district hospital
_cedited by J. Krol
260 _aGeneva:
_bWHO
_c1993
300 _a112p.: ill.
500 _aBlue Trunk Library Collection (WHO)
650 _aPOLIOMYELITIS
650 _aCONSTRACTURE--SURGERY
650 _aJOINT DEFORMITIES, ACQUIRED--SURGERY
710 _aWorld Health Organization (WHO)
995 _aMEDICAL LIBRARY OPEN ACCESS
_e743110
_FCBU-SCHOOL OF MEDICINE LIBRARY (Ndola)
_jBTL RA 644.P9 Reh (BOX 220)
_M1
_UAVAILABLE
_WJul 25, 2012
_y743110
_ZMedical Library Open Access Collection
999 _c32592
_d32592